Discurso leído por Vicente Romero y Girón, ministro de Gracia y Justicia, en la solemne apertura de los tribunales celebrada en 15 de setiembre de 1883. (Record no. 163928)
[ view plain ]
| 000 -LEADER | |
|---|---|
| campo de control de longitud fija | 01066nam a22002295i 4500 |
| 001 - NÚMERO DE CONTROL | |
| campo de control | 163928 |
| 003 - IDENTIFICADOR DE NÚMERO DE CONTROL | |
| campo de control | ES-MaACL |
| 005 - FECHA Y HORA DE LA ÚLTIMA TRANSACCIÓN | |
| campo de control | 20250911063559.0 |
| 008 - DATOS DE LONGITUD FIJA--INFORMACIÓN GENERAL | |
| campo de control de longitud fija | 990722s1883 sp |||| | spa d |
| 040 ## - FUENTE DE CATALOGACIÓN | |
| Centro catalogador/agencia de origen | CCPB | B |
| Lengua de catalogación | spa |
| Centro/agencia transcriptor | CCPB | B |
| 100 1# - ENTRADA PRINCIPAL--NOMBRE DE PERSONA | |
| Nombre de persona | Romero Girón, Vicente, |
| Fechas asociadas al nombre | 1835-1900 |
| 9 (RLIN) | 99395 |
| 245 10 - MENCIÓN DEL TÍTULO | |
| Título | Discurso leído por Vicente Romero y Girón, ministro de Gracia y Justicia, en la solemne apertura de los tribunales celebrada en 15 de setiembre de 1883. |
| 260 ## - PUBLICACIÓN, DISTRIBUCIÓN, ETC. | |
| Lugar de publicación, distribución, etc. | Madrid : |
| Nombre del editor, distribuidor, etc. | [s.n.], |
| Fecha de publicación, distribución, etc. | 1883 ( |
| Fabricante | Imprenta del Ministerio de Gracia y Justicia) |
| 300 ## - DESCRIPCIÓN FÍSICA | |
| Extensión | 57 p., [1] h. pleg. ; |
| Dimensiones | 25 cm. |
| 530 ## - NOTA DISPONIBLE DE FORMULARIO FÍSICO ADICIONAL | |
| Nota de formato físico adicional disponible | Disponible en formato digital. |
| 650 #4 - PUNTO DE ACCESO ADICIONAL DE MATERIA--TÉRMINO DE MATERIA | |
| Término de materia o nombre geográfico como elemento de entrada | Administración de justicia- |
| Subdivisión geográfica | España. |
| 9 (RLIN) | 9621 |
| 710 11 - ENTRADA AGREGADA--NOMBRE DE ENTIDAD CORPORATIVA | |
| Nombre de entidad corporativa o nombre de jurisdicción como elemento de entrada | España. |
| Unidad subordinada | Ministerio de Gracia y Justicia. |
| 9 (RLIN) | 3873 |
| 852 ## - LOCALIZACIÓN | |
| Ubicación | ES-MaACL |
| Número de control de estantería | T-355-F-5- |
| Nota libre | -- Enc. hol. |
| -- | -- Enc. en un vol. facticio |
| 852 ## - LOCALIZACIÓN | |
| Ubicación | ES-MaACL |
| Número de control de estantería | T-353-F-13 |
| Nota libre | -- Enc. hol. |
| -- | -- Enc. en un vol. facticio |
| 856 ## - LOCALIZACIÓN Y ACCESO ELECTRÓNICOS | |
| Identificador Uniforme de Recursos | <a href="http://bdh-rd.bne.es/viewer.vm?id=0000097719&page=1 ">http://bdh-rd.bne.es/viewer.vm?id=0000097719&page=1 </a> |
| Nota pública | Biblioteca Digital Hispánica |
| Estatus retirado | Estado de pérdida | Estado de daño | No para préstamo | Colección | Biblioteca de origen | Biblioteca actual | Ubicación en estantería | Fecha de adquisición | Total de préstamos | Signatura topográfica completa | Código de barras | Visto por última vez | Precio de reemplazo | Tipo de ítem Koha |
|---|---|---|---|---|---|---|---|---|---|---|---|---|---|---|
| Colección de folletos | Biblioteca del Ateneo de Madrid | Biblioteca del Ateneo de Madrid | Depósito folletos | 17/01/2008 | T-353-F-13 | 1171802 | 23/02/2023 | 23/02/2023 | Folleto | |||||
| Colección de folletos | Biblioteca del Ateneo de Madrid | Biblioteca del Ateneo de Madrid | Depósito folletos | 17/01/2008 | T-355-F-5 | 1171801 | 23/02/2023 | 23/02/2023 | Folleto |
